[Event "CP-2012-P-00063"]
[Site "LSS email"]
[Date "2012.10.01"]
[Round "?"]
[White "Costa, Isabelle"]
[Black "Baroin, Bernard"]
[Result "0-1"]
[WhiteElo "1795"]
[BlackElo "2133"]
[PlyCount "20"]
[EventDate "2012.10.05"]
[EventType "tourn (corr)"]
[EventRounds "6"]
[EventCountry "GER"]
[SourceTitle "Corr 2015"]
[Source "ChessBase"]
[SourceDate "2015.07.17"]
[SourceVersion "1"]
[SourceVersionDate "2015.07.17"]
[SourceQuality "1"]

1. e4 e5 2. Nf3 Nc6 3. Bc4 Bc5 4. c3 Nf6 5. d3 a5 6. 0-0 d6 7. h3 0-0 8. Nbd2 Be6 9. Bxe6 fxe6 10. a4 d5 0-1

[Event "BI-2012-P-00022"]
[Site "LSS email"]
[Date "2012.04.20"]
[Round "?"]
[White "Costa, Isabelle"]
[Black "Nenciulescu, Silviu Catalin"]
[Result "1/2-1/2"]
[WhiteElo "1779"]
[BlackElo "2107"]
[PlyCount "61"]
[EventDate "2012.04.22"]
[EventType "tourn (corr)"]
[EventRounds "10"]
[EventCountry "GER"]
[SourceTitle "Telechess CBM 159"]
[Source "ChessBase"]
[SourceDate "2014.03.17"]
[SourceVersion "1"]
[SourceVersionDate "2014.03.17"]
[SourceQuality "1"]

1. e4 c5 2. Nf3 d6 3. d4 cxd4 4. Nxd4 Nf6 5. Nc3 a6 6. Be3 e5 7. Nb3 Be6 8. f3 Be7 9. Qd2 0-0 10. 0-0-0 Nbd7 11. g4 b5 12. g5 b4 13. Ne2 Ne8 14. f4 a5 15. f5 Bxb3 16. cxb3 a4 17. bxa4 Rxa4 18. f6 Ndxf6 19. gxf6 Nxf6 20. Kb1 Qa8 21. Nc1 b3 22. Nxb3 Rb8 23. Rg1 g6 24. Qc2 Rxa2 25. Bg5 Nd7 26. Be3 Ra4 27. Rg3 Rc8 28. Qd3 Rb8 29. Qc2 Rc8 30. Qd3 Rb8 31. Qc2 1/2-1/2

[Event "BI-2012-P-00022"]
[Site "LSS email"]
[Date "2012.04.20"]
[Round "?"]
[White "Costa, Isabelle"]
[Black "Panov, Sergey Ivanovich"]
[Result "1-0"]
[WhiteElo "1779"]
[BlackElo "2148"]
[PlyCount "63"]
[EventDate "2012.04.22"]
[EventType "tourn (corr)"]
[EventRounds "10"]
[EventCountry "GER"]
[SourceTitle "Telechess CBM 159"]
[Source "ChessBase"]
[SourceDate "2014.03.17"]
[SourceVersion "1"]
[SourceVersionDate "2014.03.17"]
[SourceQuality "1"]

1. e4 e5 2. Nf3 Nc6 3. Bc4 Nf6 4. d3 Bc5 5. c3 d6 6. b4 Bb6 7. a4 a5 8. b5 Ne7 9. Nbd2 0-0 10. 0-0 Ng6 11. Re1 h6 12. d4 Re8 13. h3 Ba7 14. Ba3 Be6 15. Bf1 Nf4 16. Qc2 Nh7 17. dxe5 dxe5 18. c4 Qf6 19. c5 Qg6 20. Kh1 Qh5 21. Qc3 Bxh3 22. gxh3 Nxh3 23. Re3 Nxf2+ 24. Kg1 Ng4 25. Re2 Nf8 26. Nc4 Re6 27. Rg2 Ng6 28. Nh2 Nf6 29. Be2 Qh4 30. Bg4 Nxg4 31. Rxg4 Qd8 32. Rf1 1-0

[Event "BI-2012-P-00022"]
[Site "LSS email"]
[Date "2012.04.20"]
[Round "?"]
[White "Rossini, Carla"]
[Black "Costa, Isabelle"]
[Result "0-1"]
[WhiteElo "1030"]
[BlackElo "1779"]
[PlyCount "58"]
[EventDate "2012.04.22"]
[EventType "tourn (corr)"]
[EventRounds "10"]
[EventCountry "GER"]
[SourceTitle "Telechess CBM 159"]
[Source "ChessBase"]
[SourceDate "2014.03.17"]
[SourceVersion "1"]
[SourceVersionDate "2014.03.17"]
[SourceQuality "1"]

1. e4 c5 2. Nf3 d6 3. d4 cxd4 4. Nxd4 Nf6 5. Nc3 a6 6. Bd3 g6 7. 0-0 Bg7 8. Be3 Ng4 9. h3 Nxe3 10. fxe3 Nc6 11. Qf3 0-0 12. Nd5 Nxd4 13. exd4 Bxd4+ 14. Kh1 Bxb2 15. Rab1 Be5 16. Nb6 Rb8 17. Nd5 Be6 18. Rb3 Bxd5 19. exd5 b5 20. Rfb1 Qa5 21. c4 Qxa2 22. cxb5 axb5 23. Bxb5 Rfc8 24. Qd3 Rc2 25. Qf3 Rc3 26. Bc4 Rbxb3 27. Bxb3 Qxb1+ 28. Bd1 Rxf3 29. gxf3 Qxd1+ 0-1

[Event "WC-2016-P-00019"]
[Site "LSS email"]
[Date "2012.02.12"]
[Round "?"]
[White "Costa, Isabelle"]
[Black "Koziol, Pawel"]
[Result "1-0"]
[WhiteElo "1779"]
[BlackElo "1392"]
[PlyCount "27"]
[EventDate "2012.02.15"]
[EventType "tourn (corr)"]
[EventRounds "12"]
[EventCountry "GER"]
[SourceTitle "Corr 2015"]
[Source "ChessBase"]
[SourceDate "2015.07.17"]
[SourceVersion "1"]
[SourceVersionDate "2015.07.17"]
[SourceQuality "1"]

1. e4 e5 2. Bc4 Nf6 3. d3 c6 4. Nf3 d5 5. Bb3 Bd6 6. exd5 Nxd5 7. 0-0 0-0 8. Re1 Bg4 9. h3 Bxf3 10. Qxf3 Ne7 11. Nc3 Nd7 12. Ne4 Bc7 13. Bg5 h6 14. Qh5 1-0

[Event "WC-2016-P-00019"]
[Site "LSS email"]
[Date "2012.02.12"]
[Round "?"]
[White "Krueger, Hilmar"]
[Black "Costa, Isabelle"]
[Result "1/2-1/2"]
[WhiteElo "2165"]
[BlackElo "1779"]
[PlyCount "88"]
[EventDate "2012.02.15"]
[EventType "tourn (corr)"]
[EventRounds "12"]
[EventCountry "GER"]
[SourceTitle "Telechess CBM 165"]
[Source "ChessBase"]
[SourceDate "2015.03.11"]
[SourceVersion "1"]
[SourceVersionDate "2015.03.11"]
[SourceQuality "1"]

1. e4 c5 2. Nf3 d6 3. d4 cxd4 4. Nxd4 Nf6 5. Nc3 a6 6. Be3 e6 7. g4 e5 8. Nf5 g6 9. g5 gxf5 10. exf5 d5 11. Qf3 d4 12. 0-0-0 Nbd7 13. Bc4 Qc7 14. Bxd4 exd4 15. Rhe1+ Kd8 16. Rxd4 Bc5 17. Rdd1 Re8 18. gxf6 Rxe1 19. Rxe1 Nxf6 20. Rd1+ Bd7 21. Bxf7 Kc8 22. Be6 Kb8 23. Bxd7 Nxd7 24. Ne4 Bf8 25. Qg3 Qxg3 26. hxg3 Kc7 27. g4 Kc6 28. g5 Re8 29. Rd4 Re5 30. Ng3 Bc5 31. Rf4 b5 32. c3 Rd5 33. Rh4 Bxf2 34. Rh6+ Rd6 35. Rxd6+ Kxd6 36. Ne4+ Ke5 37. Nxf2 Kxf5 38. Kd2 Kxg5 39. Ke3 h5 40. Kf3 h4 41. Nd3 Kf5 42. Kg2 a5 43. Kh3 Ke4 44. Nc1 Nc5 1/2-1/2

[Event "WC-2016-P-00019"]
[Site "LSS email"]
[Date "2012.02.12"]
[Round "?"]
[White "Meissner, Ruediger"]
[Black "Costa, Isabelle"]
[Result "1-0"]
[WhiteElo "2070"]
[BlackElo "1779"]
[PlyCount "79"]
[EventDate "2012.02.15"]
[EventType "tourn (corr)"]
[EventRounds "12"]
[EventCountry "GER"]
[SourceTitle "Telechess CBM 165"]
[Source "ChessBase"]
[SourceDate "2015.03.11"]
[SourceVersion "1"]
[SourceVersionDate "2015.03.11"]
[SourceQuality "1"]

1. d4 Nf6 2. Nf3 g6 3. c4 Bg7 4. Nc3 d5 5. Bg5 Ne4 6. cxd5 Nxg5 7. Nxg5 e6 8. Qd2 h6 9. Nf3 exd5 10. e3 0-0 11. Be2 Be6 12. b4 Nd7 13. 0-0 c6 14. Rac1 Nb6 15. b5 cxb5 16. Nxb5 Nc4 17. Bxc4 dxc4 18. a4 a6 19. Na3 Rc8 20. Qb4 c3 21. Rxc3 Rxc3 22. Qxc3 Qd7 23. Qb4 Rc8 24. Nb1 Bf8 25. Qa5 Bb3 26. Nbd2 Bxa4 27. Rb1 Bb5 28. h3 Rc2 29. e4 Qc6 30. Ne5 Qd6 31. Nef3 b6 32. Qa1 Qa3 33. d5 Qxa1 34. Rxa1 Bc5 35. e5 Bd3 36. Rd1 Kf8 37. d6 Ke8 38. Ne1 Be2 39. Nxc2 Bxd1 40. Ne3 1-0

[Event "OP-2011-0-01735"]
[Site "LSS email"]
[Date "2011.08.22"]
[Round "?"]
[White "Linart, Ludvik"]
[Black "Costa, Isabelle"]
[Result "0-1"]
[WhiteElo "845"]
[BlackElo "1528"]
[PlyCount "48"]
[EventDate "2011.08.19"]
[EventType "tourn (corr)"]
[EventRounds "4"]
[EventCountry "GER"]
[SourceTitle "Telechess CBM 151"]
[Source "ChessBase"]
[SourceDate "2012.11.13"]
[SourceVersion "1"]
[SourceVersionDate "2012.11.13"]
[SourceQuality "1"]

1. e4 c5 2. Nf3 d6 3. d4 cxd4 4. Nxd4 Nf6 5. Nc3 a6 6. Bd3 g6 7. 0-0 Bg7 8. Be3 Ng4 9. Nde2 Nxe3 10. fxe3 Nc6 11. Rf2 0-0 12. Qd2 b5 13. a3 e6 14. Raf1 Bb7 15. b4 Qb6 16. Kh1 Ne5 17. h3 Rac8 18. Nd4 Nc4 19. Bxc4 Rxc4 20. Nde2 Qc6 21. Nd4 Bxd4 22. exd4 Rxc3 23. d5 exd5 24. exd5 Qc4 0-1

[Event "SE-2011-0-00081"]
[Site "LSS email"]
[Date "2011.08.21"]
[Round "?"]
[White "Gomgar, Joquin"]
[Black "Costa, Isabelle"]
[Result "1/2-1/2"]
[WhiteElo "1668"]
[BlackElo "1750"]
[PlyCount "134"]
[EventDate "2011.07.21"]
[EventType "tourn (corr)"]
[EventRounds "6"]
[EventCountry "GER"]
[SourceTitle "Telechess CBM 153"]
[Source "ChessBase"]
[SourceDate "2013.03.14"]
[SourceVersion "1"]
[SourceVersionDate "2013.03.14"]
[SourceQuality "1"]

1. e4 c5 2. Nf3 d6 3. d4 cxd4 4. Nxd4 Nf6 5. Nc3 a6 6. Be2 e6 7. 0-0 Nbd7 8. Be3 Qc7 9. a4 b6 10. f4 Bb7 11. Bf3 Be7 12. Qe2 0-0 13. Nb3 Rfe8 14. Rad1 Rac8 15. Rfe1 h6 16. g3 Bf8 17. Rd2 e5 18. f5 Qc4 19. Bf2 d5 20. Nxd5 Qxa4 21. Ra1 Qc6 22. Qe3 Nxd5 23. exd5 Qd6 24. Be2 b5 25. c4 bxc4 26. Na5 Ba8 27. Nxc4 Qb4 28. Qc3 Nf6 29. Qxb4 Bxb4 30. Rdd1 Bxd5 31. Nb6 Rc2 32. Nxd5 Nxd5 33. Bxa6 Nf6 34. Rac1 Rxb2 35. Rb1 Rxb1 36. Rxb1 Bc3 37. Rb7 Bd4 38. Bxd4 exd4 39. Bc4 Rf8 40. Bd3 Ng4 41. Be2 Ne5 42. Rb5 Re8 43. Rd5 Nc6 44. Bb5 Ne7 45. Re5 Rb8 46. Bd3 Kf8 47. Be4 Rd8 48. Kf2 Ng8 49. Ke2 Nf6 50. Bf3 Rb8 51. Ra5 Re8+ 52. Kf2 Rc8 53. Ke2 Rc2+ 54. Kd3 Rc3+ 55. Ke2 Ne8 56. h4 Nd6 57. Rd5 Nc4 58. Rxd4 Ne5 59. Rf4 f6 60. g4 Ke7 61. h5 Kd6 62. Bh1 Kc5 63. Bb7 Rc4 64. Rxc4+ Kxc4 65. Kf2 Nxg4+ 66. Kf3 Ne5+ 67. Ke4 Nd7 1/2-1/2

[Event "SE-2011-0-00081"]
[Site "LSS email"]
[Date "2011.08.21"]
[Round "?"]
[White "Horse, Madera"]
[Black "Costa, Isabelle"]
[Result "0-1"]
[WhiteElo "1078"]
[BlackElo "1750"]
[PlyCount "24"]
[EventDate "2011.07.21"]
[EventType "tourn (corr)"]
[EventRounds "6"]
[EventCountry "GER"]
[SourceTitle "Corr 2015"]
[Source "ChessBase"]
[SourceDate "2015.07.17"]
[SourceVersion "1"]
[SourceVersionDate "2015.07.17"]
[SourceQuality "1"]

1. b3 e5 2. Bb2 Nc6 3. e3 d5 4. Bb5 Bd6 5. f4 f6 6. fxe5 fxe5 7. Nf3 Nh6 8. Nxe5 Qh4+ 9. g3 Qg5 10. Bxc6+ bxc6 11. Nd3 Bxg3+ 12. hxg3 Qxg3+ 0-1

[Event "RE-2011-0-00067"]
[Site "LSS email"]
[Date "2011.07.07"]
[Round "?"]
[White "Guaimare Rodriguez, Carlos Luis"]
[Black "Costa, Isabelle"]
[Result "0-1"]
[WhiteElo "1130"]
[BlackElo "1528"]
[PlyCount "28"]
[EventDate "2011.05.24"]
[EventType "tourn (corr)"]
[EventRounds "6"]
[EventCountry "GER"]
[SourceTitle "Corr 2015"]
[Source "ChessBase"]
[SourceDate "2015.07.17"]
[SourceVersion "1"]
[SourceVersionDate "2015.07.17"]
[SourceQuality "1"]

1. e4 c5 2. Nf3 d6 3. Bb5+ Bd7 4. Bxd7+ Qxd7 5. c4 Nf6 6. Nc3 g6 7. 0-0 Bg7 8. d4 cxd4 9. Nxd4 0-0 10. Be3 Ng4 11. Bg5 h6 12. Bh4 Nc6 13. Nxc6 bxc6 14. f3 Ne3 0-1

[Event "OP-2011-0-01612"]
[Site "LSS email"]
[Date "2011.06.22"]
[Round "?"]
[White "Costa, Isabelle"]
[Black "Poblete, Litos"]
[Result "1-0"]
[WhiteElo "1589"]
[BlackElo "1688"]
[PlyCount "47"]
[EventDate "2011.06.19"]
[EventType "tourn (corr)"]
[EventRounds "4"]
[EventCountry "GER"]
[SourceTitle "Telechess CBM 157"]
[Source "ChessBase"]
[SourceDate "2013.11.12"]
[SourceVersion "1"]
[SourceVersionDate "2013.11.12"]
[SourceQuality "1"]

1. e4 c6 2. d4 d5 3. e5 Bf5 4. Nf3 e6 5. Be2 c5 6. Be3 Qb6 7. Nc3 c4 8. Rb1 Bb4 9. 0-0 Ne7 10. Nh4 Bxc3 11. bxc3 Qc7 12. g4 Bg6 13. f4 Qd7 14. f5 exf5 15. gxf5 Bxf5 16. Nxf5 Nxf5 17. Bg4 g6 18. Bxf5 gxf5 19. Qh5 Nc6 20. Rxf5 Nd8 21. Rbf1 Qe6 22. Rf6 Rg8+ 23. Bg5 Qe7 24. Kh1 1-0

[Event "RN-2011-0-00377"]
[Site "LSS email"]
[Date "2011.05.03"]
[Round "?"]
[White "Costa, Isabelle"]
[Black "Fuller, Christopher"]
[Result "1-0"]
[WhiteElo "1261"]
[BlackElo "842"]
[PlyCount "57"]
[EventDate "2011.04.22"]
[EventType "tourn (corr)"]
[EventRounds "6"]
[EventCountry "GER"]
[SourceTitle "Telechess CBM 145"]
[Source "Chessbase"]
[SourceDate "2011.11.11"]
[SourceVersion "1"]
[SourceVersionDate "2011.11.11"]
[SourceQuality "1"]

1. e4 e5 2. Nf3 Nf6 3. Nxe5 Nxe4 4. Qe2 d5 5. d3 Qe7 6. dxe4 dxe4 7. Nc4 Nc6 8. Nc3 Be6 9. Qxe4 0-0-0 10. Be3 f5 11. Qf4 Qf7 12. Ne5 Nxe5 13. Qxe5 Bd6 14. Qa5 Qe7 15. Qxa7 c6 16. 0-0-0 Bb8 17. Rxd8+ Rxd8 18. Qa5 Qd7 19. Bc4 Bxc4 20. Na4 b5 21. Nb6+ Kb7 22. Qa8+ Kc7 23. Nxd7 Rxd7 24. Bf4+ Kb6 25. Qxb8+ Ka6 26. Be3 Ka5 27. Qb6+ Ka4 28. Qa6+ Kb4 29. Qa3# 1-0

[Event "OP-2011-0-01505"]
[Site "LSS email"]
[Date "2011.05.02"]
[Round "?"]
[White "Fridich St, Vaclav"]
[Black "Costa, Isabelle"]
[Result "0-1"]
[WhiteElo "1591"]
[BlackElo "800"]
[PlyCount "50"]
[EventDate "2011.04.25"]
[EventType "tourn (corr)"]
[EventRounds "4"]
[EventCountry "GER"]
[SourceTitle "Corr 2022"]
[Source "ChessBase"]
[SourceDate "2021.10.24"]
[SourceVersion "1"]
[SourceVersionDate "2021.10.24"]
[SourceQuality "1"]

1. e4 c5 2. Nf3 d6 3. d4 cxd4 4. Nxd4 Nf6 5. Nc3 a6 6. Bd3 g6 7. h3 Bg7 8. Be3 0-0 9. Qd2 Nbd7 10. Bh6 Bxh6 11. Qxh6 Qb6 12. Nb3 a5 13. a4 Ne5 14. 0-0-0 Be6 15. Na1 Qxf2 16. Rhf1 Qxg2 17. h4 Rfc8 18. Kb1 Rxc3 19. bxc3 Nxd3 20. Qe3 Nc5 21. e5 Nd5 22. Qd4 Nxa4 23. Kc1 Naxc3 24. Qd2 Qe4 25. Qd4 Ne2+ 0-1

[Event "OP-2011-0-01505"]
[Site "LSS email"]
[Date "2011.05.02"]
[Round "?"]
[White "Richter, Klaus"]
[Black "Costa, Isabelle"]
[Result "0-1"]
[WhiteElo "1511"]
[BlackElo "1354"]
[PlyCount "102"]
[EventDate "2011.04.25"]
[EventType "tourn (corr)"]
[EventRounds "4"]
[EventCountry "GER"]
[SourceTitle "Telechess CBM 145"]
[Source "Chessbase"]
[SourceDate "2011.11.11"]
[SourceVersion "1"]
[SourceVersionDate "2011.11.11"]
[SourceQuality "1"]

1. d4 Nf6 2. f3 d5 3. e4 dxe4 4. Nc3 exf3 5. Nxf3 e6 6. Bg5 Be7 7. Qd2 Nbd7 8. Bd3 c5 9. Be3 0-0 10. 0-0-0 b6 11. Kb1 Bb7 12. Rhf1 a6 13. Ne5 Nxe5 14. dxe5 Nd5 15. Nxd5 Qxd5 16. Bg5 Bxg5 17. Qxg5 f5 18. Qf4 Rad8 19. g4 b5 20. gxf5 exf5 21. Be2 Qe4 22. Rxd8 Rxd8 23. Qxf5 Qxf5 24. Rxf5 Bc8 25. e6 Bxe6 26. Rxc5 Rd2 27. Re5 Bc4 28. Bxc4+ bxc4 29. b4 cxb3 30. axb3 Rxh2 31. c4 Kf7 32. c5 Rh6 33. Kc2 Re6 34. Rd5 Kf6 35. Rd1 g5 36. Rh1 Kg6 37. Kd3 h5 38. Kc4 g4 39. Kd5 Re8 40. c6 Kg5 41. c7 h4 42. Re1 Rc8 43. Re5+ Kf4 44. Rh5 h3 45. Kc6 Kg3 46. Kb7 Rxc7+ 47. Kxc7 Kg2 48. b4 h2 49. Kb7 h1Q 50. Rxh1 Kxh1 51. Kxa6 g3 0-1

[Event "RN-2011-0-00377"]
[Site "LSS email"]
[Date "2011.05.02"]
[Round "?"]
[White "Vontina, Maria"]
[Black "Costa, Isabelle"]
[Result "0-1"]
[WhiteElo "758"]
[BlackElo "1261"]
[PlyCount "32"]
[EventDate "2011.04.22"]
[EventType "tourn (corr)"]
[EventRounds "6"]
[EventCountry "GER"]
[SourceTitle "Corr 2015"]
[Source "ChessBase"]
[SourceDate "2015.07.17"]
[SourceVersion "1"]
[SourceVersionDate "2015.07.17"]
[SourceQuality "1"]

1. e4 c5 2. Nf3 d6 3. d4 cxd4 4. Nxd4 Nf6 5. Nc3 a6 6. Bg5 Nbd7 7. f4 e5 8. fxe5 dxe5 9. Nf5 Qb6 10. Rb1 h6 11. Bxf6 Nxf6 12. Bd3 Bxf5 13. exf5 0-0-0 14. Qe2 Bb4 15. Qf2 Bxc3+ 16. bxc3 Qxb1+ 0-1

[Event "RN-2011-0-00377"]
[Site "LSS email"]
[Date "2011.05.02"]
[Round "?"]
[White "Yangibayev, Rustam"]
[Black "Costa, Isabelle"]
[Result "0-1"]
[WhiteElo "1400"]
[BlackElo "1261"]
[PlyCount "40"]
[EventDate "2011.04.22"]
[EventType "tourn (corr)"]
[EventRounds "6"]
[EventCountry "GER"]
[SourceTitle "Telechess CBM 145"]
[Source "Chessbase"]
[SourceDate "2011.11.11"]
[SourceVersion "1"]
[SourceVersionDate "2011.11.11"]
[SourceQuality "1"]

1. d4 Nf6 2. c4 g6 3. Bg5 Ne4 4. Be3 Bg7 5. Qd3 d5 6. Nc3 Nxc3 7. Qxc3 c5 8. cxd5 Qxd5 9. Nf3 Na6 10. Qd2 Bf5 11. Rd1 Qxa2 12. g3 Nb4 13. Rc1 Qa4 14. Qc3 Nc2+ 15. Kd2 cxd4 16. Bxd4 Nxd4 17. Nxd4 Bxd4 18. Qa3 Qxa3 19. bxa3 0-0 20. Rc7 Rfd8 0-1